000 00339nam a2200121Ia 4500
008 220204s9999 xx 000 0 und d
082 _a63:912(540)
_bJAS
100 _aJasbir Singh
245 0 _aAgricultural atlas of India: A geographical analysis
260 _aKurukshetra
_bVishal Pub
_c1974
650 _aAgricultural atlas
942 _cBK
999 _c23237
_d23237